00822cam a22002531 4500001001300000003000400013005001700017008004100034010001700075025001900092040001800111050002100129100005700150245007600207250001300283260005500296300004100351350001700392500003000409504003100439505006000470650002100530999001700551sa 68001164 DLC20260227112431.0710903r1964 ii a b 000 0 eng  asa 68001164  aPL480:I-E-9397 aDLCcDLCdDLC00aQD905b.T79 19641 aTutton, A. E. H.q(Alfred Edwin Howard),d1864-1938.10aCrystallography and practical crystal measurement,cby A. E. H. Tutton. a[2d ed.] aNew Delhi,bToday & Tomorrow's Book Agencyc[1964] a2 v. (xvii, 1446 p.)billus.c23 cm. aRs80 per set a"Reprint second edition." aBibliographical footnotes.0 av. 1. Form and structure.--v. 2. Physical and chemical. 0aCrystallography. c77761d77761